[Event "4NCL/Div1/SLO-BAR1"]
[Site "Rd06-Birmingham"]
[Date "2001.01.28"]
[Round "6.2"]
[White "Kelly, Brian"]
[Black "Summerscale, Aaron"]
[Result "1/2-1/2"]
[WhiteElo "2464"]
[BlackElo "2513"]
[PlyCount "36"]
[EventDate "2001.01.28"]

1. d4 Nf6 2. c4 g6 3. Nc3 Bg7 4. e4 d6 5. Nf3 O-O 6. Be2 e5 7. O-O Nc6 8. d5
Ne7 9. Ne1 Nd7 10. Be3 f5 11. f3 f4 12. Bf2 g5 13. Kh1 Rf6 14. Nd3 Rh6 15. c5
Nf6 16. Rc1 Qe8 17. g4 fxg3 18. Bxg3 Ng6 1/2-1/2

[Event "4NCL/Div1/SLO-BAR1"]
[Site "Rd06-Birmingham"]
[Date "2001.01.28"]
[Round "6.3"]
[White "Kosten, Anthony"]
[Black "Ferguson, Mark"]
[Result "1/2-1/2"]
[WhiteElo "2519"]
[BlackElo "2374"]
[PlyCount "131"]
[EventDate "2001.01.28"]

1. c4 e5 2. g3 Nf6 3. Bg2 d5 4. cxd5 Nxd5 5. Nf3 Nc6 6. O-O Nb6 7. d3 Be7 8. a3
O-O 9. Nc3 Be6 10. b4 a5 11. b5 Nd4 12. Nd2 c6 13. bxc6 Nxc6 14. a4 Nd5 15. Nb5
Nd4 16. Bb2 Nxb5 17. axb5 f6 18. Nc4 Bb4 19. Qa4 Nb6 20. Nxb6 Qxb6 21. Ba3 Bxa3
22. Rxa3 Rfc8 23. Raa1 Rc5 24. Rfb1 Kh8 25. Qe4 Bd5 26. Qa4 Bxg2 27. Kxg2 h6
28. h4 Qd6 29. Rc1 b6 30. Rc4 Qd5+ 31. e4 Rxc4 32. Qxc4 Qxc4 33. dxc4 Rc8 34.
Rc1 Kg8 35. Kf3 Kf7 36. c5 bxc5 37. Ra1 Ra8 38. Ke3 Ke6 39. Kd3 a4 40. Kc4 a3
41. b6 Kd7 42. Kxc5 Kc8 43. Kc6 Ra6 44. Ra2 Kb8 45. f4 Ra4 46. fxe5 fxe5 47.
Kb5 Rxe4 48. Rxa3 Re1 49. Rf3 e4 50. Rf8+ Kb7 51. Rf7+ Kb8 52. Kc6 Rc1+ 53. Kd5
e3 54. Re7 Rc3 55. Kd4 Rb3 56. Rxe3 Rxb6 57. Re8+ Kc7 58. Re7+ Kd8 59. Rxg7 Ke8
60. Ke4 Kf8 61. Rd7 Rg6 62. Kf4 Rf6+ 63. Kg4 Rg6+ 64. Kh3 Kg8 65. Rd4 Ra6 66.
Rf4 1/2-1/2

[Event "4NCL/Div1/SLO-BAR1"]
[Site "Rd06-Birmingham"]
[Date "2001.01.28"]
[Round "6.4"]
[White "Knott, Simon"]
[Black "Buckley, Graeme"]
[Result "0-1"]
[WhiteElo "2390"]
[BlackElo "2369"]
[PlyCount "124"]
[EventDate "2001.01.28"]

1. c4 b6 2. b3 Bb7 3. Bb2 e6 4. Nf3 c5 5. e3 f5 6. Be2 Nf6 7. O-O Rg8 8. Ne5 d6
9. Bf3 Qc7 10. Bxb7 Qxb7 11. Qf3 Qxf3 12. Nxf3 Be7 13. d4 Nc6 14. Rd1 Ne4 15.
d5 exd5 16. cxd5 Na5 17. Nfd2 Nxd2 18. Nxd2 b5 19. e4 fxe4 20. Nxe4 Kd7 21. Rd3
Rac8 22. Rf3 Rcf8 23. Rxf8 Bxf8 24. Ng5 Be7 25. Ne6 g6 26. f4 b4 27. g4 Ke8 28.
Kg2 Kf7 29. h4 c4 30. Bd4 c3 31. Rf1 Nb7 32. f5 Bxh4 33. g5 gxf5 34. Kh3 a5 35.
Kxh4 a4 36. bxa4 Ra8 37. a3 Rxa4 38. axb4 Rxb4 39. Kh5 c2 40. Rc1 Rb1 41. Be3
Na5 42. Nd4 Nb3 43. Nxb3 Rxb3 44. Bf2 Rc3 45. Kh4 Kg6 46. Ba7 Rc4+ 47. Kh3 Kxg5
48. Bb8 Kf4 49. Bxd6+ Ke4 50. Bf8 Kxd5 51. Bh6 Rc3+ 52. Kh4 Rc4+ 53. Kg5 Ke6
54. Bg7 Rg4+ 55. Kh6 Rg2 56. Kxh7 f4 57. Re1+ Kd5 58. Bh6 f3 59. Re8 f2 60.
Rd8+ Ke6 61. Re8+ Kd7 62. Rf8 Rh2 0-1

[Event "4NCL/Div1/SLO-BAR1"]
[Site "Rd06-Birmingham"]
[Date "2001.01.28"]
[Round "6.5"]
[White "McNab, Colin"]
[Black "Crouch, Colin"]
[Result "1/2-1/2"]
[WhiteElo "2403"]
[BlackElo "2434"]
[PlyCount "41"]
[EventDate "2001.01.28"]

1. c4 Nf6 2. Nf3 b6 3. g3 Bb7 4. Bg2 e6 5. O-O Be7 6. b3 O-O 7. Bb2 d5 8. d3 c5
9. e3 dxc4 10. bxc4 Nc6 11. Qe2 Qc7 12. Nc3 Rad8 13. Rfd1 Rd7 14. Ne1 Qb8 15.
f4 Ne8 16. Ne4 f5 17. Ng5 Bxg5 18. fxg5 Ne5 19. Bxb7 Rxb7 20. Nf3 Nxf3+ 21.
Qxf3 1/2-1/2

[Event "4NCL/Div1/SLO-BAR1"]
[Site "Rd06-Birmingham"]
[Date "2001.01.28"]
[Round "6.6"]
[White "Collinson, Adam"]
[Black "Houska, Jovanka"]
[Result "1/2-1/2"]
[WhiteElo "2404"]
[BlackElo "2368"]
[PlyCount "35"]
[EventDate "2001.01.28"]

1. e4 c6 2. d4 d5 3. Nc3 dxe4 4. Nxe4 Nd7 5. Bc4 Ngf6 6. Nxf6+ Nxf6 7. c3 Qc7
8. Ne2 Bg4 9. f3 Bf5 10. Bf4 Qd7 11. g4 Bg6 12. Be5 e6 13. Nf4 Nd5 14. Bxd5
exd5 15. Nxg6 hxg6 16. Qd3 O-O-O 17. O-O-O Bd6 18. Bxg7 1/2-1/2

[Event "4NCL/Div1/SLO-BAR1"]
[Site "Rd06-Birmingham"]
[Date "2001.01.28"]
[Round "6.7"]
[White "Lalic, Susan"]
[Black "Dishman, Stephen"]
[Result "1-0"]
[WhiteElo "2318"]
[BlackElo "2364"]
[PlyCount "97"]
[EventDate "2001.01.28"]

1. e4 c5 2. Nc3 Nc6 3. g3 g6 4. Bg2 Bg7 5. d3 d6 6. Be3 Rb8 7. Qd2 b5 8. Nge2
b4 9. Nd1 Nd4 10. O-O e6 11. Nc1 Qa5 12. a3 Nc6 13. Nb3 Qb6 14. axb4 Qxb4 15.
e5 Nxe5 16. Qxb4 Rxb4 17. Rxa7 Nxd3 18. cxd3 Rxb3 19. Bc6+ Kf8 20. Ra8 Ne7 21.
Bd7 Bf6 22. Bh6+ Bg7 23. Bxc8 Bxh6 24. Bxe6+ Kg7 25. Rxh8 fxe6 26. Ra8 Rxd3 27.
Ra7 Kf7 28. Ne3 d5 29. Rc7 Bg7 30. Ra1 h5 31. Raa7 Bf6 32. Rab7 c4 33. g4 c3
34. bxc3 Rxc3 35. gxh5 gxh5 36. Rd7 d4 37. Nf1 h4 38. Nd2 h3 39. Rb1 Rc8 40.
Ne4 Rg8+ 41. Kh1 Rg4 42. Nd6+ Kg6 43. Rb3 Bh4 44. Rf3 Nd5 45. Ne8 Nc3 46. Rf8
Kh6 47. Rh8+ Kg5 48. Rg8+ Kf4 49. Rxd4+ 1-0

[Event "4NCL/Div1/SLO-BAR1"]
[Site "Rd06-Birmingham"]
[Date "2001.01.28"]
[Round "6.8"]
[White "Lauterbach, Ingrid"]
[Black "Ghasi, Ameet"]
[Result "1/2-1/2"]
[WhiteElo "2179"]
[BlackElo "2130"]
[PlyCount "79"]
[EventDate "2001.01.28"]

1. e4 c5 2. Nf3 d6 3. g3 Nc6 4. Bg2 Nf6 5. d3 g6 6. O-O Bg7 7. Nbd2 O-O 8. c3
e5 9. Re1 Re8 10. Nf1 Rb8 11. a4 a6 12. Ne3 b5 13. axb5 axb5 14. h4 h6 15. Nh2
Kh7 16. Nhg4 Nxg4 17. Nxg4 h5 18. Ne3 Ne7 19. Nc2 Be6 20. Bg5 Qc7 21. Qd2 Nc6
22. b4 Rec8 23. Rec1 Qd7 24. Be3 Qe7 25. Rcb1 Rc7 26. Bf1 cxb4 27. Nxb4 Nxb4
28. Rxb4 d5 29. exd5 Bxd5 30. c4 Bc6 31. Rab1 Rcb7 32. cxb5 Rxb5 33. Rxb5 Rxb5
34. Rxb5 Bxb5 35. d4 Bxf1 36. Kxf1 exd4 37. Bxd4 Qd6 38. Be3 Qc6 39. Kg1 Qf3
40. Bd4 1/2-1/2

[Event "4NCL/Div1/SWD-RIC"]
[Site "Rd06-Birmingham"]
[Date "2001.01.28"]
[Round "6.1"]
[White "Cobb, James"]
[Black "Bates, Richard"]
[Result "1/2-1/2"]
[WhiteElo "2351"]
[BlackElo "2371"]
[PlyCount "55"]
[EventDate "2001.01.28"]

1. d4 Nf6 2. Nf3 g6 3. g3 Bg7 4. Bg2 O-O 5. O-O d5 6. c4 dxc4 7. Na3 Nc6 8.
Nxc4 Be6 9. b3 Bd5 10. Bb2 a5 11. Rc1 a4 12. bxa4 Ra6 13. Ne3 Be4 14. Ne5 Bxg2
15. Nxg2 Qa8 16. Rc4 Nd5 17. Nxc6 bxc6 18. Qc2 Rb8 19. a3 c5 20. Rxc5 Rxa4 21.
Rxd5 Rxb2 {(=)} 22. Qxb2 Qxd5 23. e3 c5 24. Qb8+ Bf8 25. Nf4 Qc4 26. dxc5 Qxc5
27. Rd1 e6 28. Nd3 1/2-1/2

[Event "4NCL/Div1/SWD-RIC"]
[Site "Rd06-Birmingham"]
[Date "2001.01.28"]
[Round "6.3"]
[White "Zeidler, Sven"]
[Black "Johnstone, Paul"]
[Result "1-0"]
[WhiteElo "2284"]
[BlackElo "2299"]
[PlyCount "93"]
[EventDate "2001.01.28"]

1. e4 c5 2. Nc3 e6 3. f4 d5 4. Nf3 d4 5. Ne2 Nf6 6. d3 Nc6 7. c3 dxc3 8. bxc3
c4 9. Ned4 Nxd4 10. Nxd4 Bd7 11. Qc2 cxd3 12. Bxd3 Rc8 13. Rb1 Bc5 14. Qe2 O-O
15. O-O Bc6 16. Bb2 Qe7 17. Kh1 g6 18. Nxc6 Rxc6 19. g4 Rd8 20. Rbd1 Ba3 21.
Ba1 Nd7 22. Bb5 Rcc8 23. c4 Nc5 24. Qc2 Rxd1 25. Rxd1 Rd8 26. Kg2 Rxd1 27. Qxd1
a6 28. Ba4 e5 29. Bxe5 f6 30. Qd5+ Qf7 31. Bd6 Ne6 32. f5 gxf5 33. exf5 Bxd6
34. Qxd6 Nf8 35. Bb3 Kg7 36. Qd5 Qe7 37. Kf1 Kh6 38. h4 Qe3 39. g5+ fxg5 40.
Qd6+ Kh5 41. Qxf8 Qd3+ 42. Ke1 Qc3+ 43. Ke2 Kxh4 44. Qc5 Qb2+ 45. Kd3 g4 46.
Qe7+ Kg3 47. f6 1-0

[Event "4NCL/Div1/SWD-RIC"]
[Site "Rd06-Birmingham"]
[Date "2001.01.28"]
[Round "6.4"]
[White "Hinks-Edwards, Thomas"]
[Black "Morris, Charles"]
[Result "1/2-1/2"]
[WhiteElo "2294"]
[BlackElo "2238"]
[PlyCount "93"]
[EventDate "2001.01.28"]

1. e4 e6 2. d4 d5 3. Nc3 Nf6 4. e5 Nfd7 5. f4 c5 6. Nf3 Nc6 7. Be3 cxd4 8. Nxd4
Bc5 9. Qd2 a6 10. O-O-O O-O 11. h4 Qc7 12. Kb1 Nxd4 13. Bxd4 b5 14. Ne2 b4 15.
Bxc5 Nxc5 16. Qxb4 Ne4 17. Qd4 a5 18. Rh3 Ba6 19. Nc3 Rfc8 20. Bxa6 Rxa6 21.
Rc1 f5 22. Nxe4 fxe4 23. c4 Rc6 {(=)} 24. Rhc3 Qb7 25. f5 Rb6 26. R1c2 Rb8 27.
Rb3 dxc4 28. Qxc4 e3 29. fxe6 Kf8 30. Qc5+ Ke8 31. Rxb6 Qxb6 32. Qxb6 Rxb6 33.
Re2 Rb4 34. Rxe3 Rxh4 35. Ra3 a4 36. b3 axb3 37. Rxb3 Ke7 38. Rb7+ Kxe6 39.
Rxg7 Kxe5 40. Kb2 h5 41. Kb3 Kd5 42. a4 Kc5 43. Rg5+ Kb6 44. Kc3 Rh1 45. Kd2 h4
46. Ke2 h3 47. gxh3 1/2-1/2

[Event "4NCL/Div1/SWD-RIC"]
[Site "Rd06-Birmingham"]
[Date "2001.01.28"]
[Round "6.5"]
[White "James, David J"]
[Black "Webb, Laurence"]
[Result "1-0"]
[WhiteElo "2238"]
[BlackElo "2233"]
[PlyCount "69"]
[EventDate "2001.01.28"]

1. d4 Nf6 2. c4 e6 3. Nf3 c5 4. d5 exd5 5. cxd5 b5 6. Qc2 Bb7 7. e4 Qe7 8. Be3
Nxe4 9. Bxb5 Na6 10. O-O Nb4 11. Qa4 Nxd5 12. Re1 Nb6 13. Qc2 f5 14. Nc3 O-O-O
15. Bg5 Nxg5 16. Rxe7 Nxf3+ 17. gxf3 Bxe7 18. a4 a6 19. Bd3 Rhe8 20. a5 Na8 21.
Na4 d6 22. b4 Nc7 23. bxc5 dxc5 24. Bxf5+ Kb8 25. Be4 Nb5 26. Nxc5 Rc8 27. Nd7+
Ka7 28. Qd2 Bf6 29. Rb1 Bxe4 30. fxe4 Rxe4 31. Nxf6 gxf6 32. Re1 Nd4 33. Kf1
Rce8 34. Rb1 Rd8 35. Qb4 1-0

[Event "4NCL/Div1/SWD-RIC"]
[Site "Rd06-Birmingham"]
[Date "2001.01.28"]
[Round "6.6"]
[White "Franklin, Michael"]
[Black "Roberts, David L"]
[Result "1/2-1/2"]
[WhiteElo "2253"]
[BlackElo "2150"]
[PlyCount "59"]
[EventDate "2001.01.28"]

1. d4 Nf6 2. Nf3 g6 3. Bf4 d6 4. h3 Bg7 5. e3 Nbd7 6. Nbd2 O-O 7. Bh2 Re8 8.
Bc4 e5 9. dxe5 Nxe5 10. Bxe5 dxe5 11. Ng5 Rf8 12. Ndf3 Qe7 13. Nd2 e4 14. h4 h6
15. Nh3 Bg4 16. Be2 Bxh3 17. Rxh3 Qb4 18. Rb1 Rad8 19. c3 Qc5 20. Qc2 Rfe8 21.
Nb3 Qe5 22. Rh1 Re7 23. g3 Red7 24. Kf1 c5 25. Kg2 Qf5 26. Rhf1 Bf8 27. Rbd1
Ng4 28. Rxd7 Rxd7 29. Nd2 Nf6 30. Nb3 1/2-1/2

[Event "4NCL/Div1/SWD-RIC"]
[Site "Rd06-Birmingham"]
[Date "2001.01.28"]
[Round "6.7"]
[White "Cast, Abigail"]
[Black "Thiruchelvam, Murugan"]
[Result "0-1"]
[WhiteElo "2121"]
[BlackElo "2168"]
[PlyCount "90"]
[EventDate "2001.01.28"]

1. d4 Nf6 2. Nf3 c5 3. c3 e6 4. Bg5 d5 5. e3 Nbd7 6. Nbd2 Be7 7. Bd3 b6 8. O-O
Bb7 9. Qc2 h6 10. Bh4 O-O 11. a4 Qc7 12. Rfe1 Rfe8 13. h3 Rac8 14. Rac1 Bd6 15.
Bxf6 Nxf6 16. Qb1 Bc6 17. Bc2 a5 18. b3 cxd4 19. exd4 Ba3 20. Rcd1 Bb7 21. c4
dxc4 22. bxc4 Bxf3 23. gxf3 Bb4 24. Bd3 Qf4 25. Re3 Qxd4 26. Ne4 Nxe4 27. Rxe4
Qf6 28. Kg2 Rc5 29. Qc1 Rf5 30. Be2 Bc5 31. Qd2 Rg5+ 32. Rg4 Rxg4+ 33. hxg4 Qh4
34. Bd3 Rd8 35. Qc2 Bd6 36. Rh1 Qf6 37. Qe2 Bc5 38. Rd1 Kf8 39. Qe4 Qb2 40. Rf1
Qd2 41. Bb1 Qc3 42. f4 Qd4 43. Qh7 Qxf4 44. Qh8+ Ke7 45. Qxg7 Rd2 0-1

[Event "4NCL/Div1/SWD-RIC"]
[Site "Rd06-Birmingham"]
[Date "2001.01.28"]
[Round "6.8"]
[White "Buckley, Melanie"]
[Black "Cast, Jason"]
[Result "0-1"]
[WhiteElo "2114"]
[BlackElo "1824"]
[PlyCount "82"]
[EventDate "2001.01.28"]

1. e4 e5 2. Bc4 Nf6 3. d3 Nc6 4. Nf3 Bc5 5. Nbd2 d6 6. h3 Ne7 7. Nf1 Ng6 8. Ng3
O-O 9. O-O c6 10. Bb3 a5 11. c3 Be6 12. Re1 Qc8 13. Ng5 Bd7 14. Nh5 a4 15.
Bxf7+ Rxf7 16. Nxf7 Kxf7 17. Nxf6 gxf6 18. d4 Bb6 19. Re3 Qg8 20. Rg3 Ke7 21.
Bh6 Qf7 22. Qd2 Rg8 23. Qd3 Be6 24. Rd1 Bc4 25. Qf3 {(=)} Nh4 26. Qe3 Bxa2 27.
Rxg8 Qxg8 28. Qg3 Qxg3 29. fxg3 exd4 30. cxd4 Ng6 31. Kf2 Ne5 32. Kf1 Bb3 33.
Rd2 Nc4 34. Re2 Bxd4 35. Bc1 Ne5 36. Ke1 Bc4 37. Rc2 b5 38. g4 Nd3+ 39. Kd2 Nc5
40. Ke1 Nxe4 41. Bf4 c5 0-1

[Event "4NCL/Div1/WR-IND1"]
[Site "Rd06-Birmingham"]
[Date "2001.01.28"]
[Round "6.1"]
[White "Arkell, Keith"]
[Black "Chandler, Murray"]
[Result "1/2-1/2"]
[WhiteElo "2434"]
[BlackElo "2529"]
[PlyCount "78"]
[EventDate "2001.01.28"]

1. d4 Nf6 2. c4 e6 3. Nf3 b6 4. g3 Ba6 5. b3 Bb7 6. Bg2 Bb4+ 7. Bd2 a5 8. O-O
O-O 9. Bc3 d5 10. Bb2 a4 11. cxd5 a3 12. Bc3 Bxc3 13. Nxc3 exd5 14. b4 Nbd7 15.
b5 Qe7 16. e3 c6 17. bxc6 Bxc6 18. Rb1 Ra5 19. Ne1 Ne4 20. Qd3 Nxc3 21. Qxc3
Bb5 22. Nd3 Bc4 23. Qd2 Ra4 24. Rfc1 b5 25. Nb4 Qd6 26. Bf3 g6 27. Bd1 Raa8 28.
Rc3 Ra7 29. f3 Re8 30. Bc2 Nb8 31. Qc1 Nc6 32. Nxc6 Qxc6 33. Bb3 Qf6 34. Bxc4
bxc4 35. Kf2 Qd6 36. Rb5 h5 37. Qb1 h4 38. Qb4 Qd7 39. g4 Rc8 1/2-1/2

[Event "4NCL/Div1/WR-IND1"]
[Site "Rd06-Birmingham"]
[Date "2001.01.28"]
[Round "6.3"]
[White "Dunnington, Angus"]
[Black "Flear, Glenn"]
[Result "0-1"]
[WhiteElo "2388"]
[BlackElo "2476"]
[PlyCount "78"]
[EventDate "2001.01.28"]

1. d4 d5 2. Bg5 h6 3. Bh4 c6 4. e3 Qb6 5. b3 e5 6. Nf3 e4 7. Nfd2 Ne7 8. f3 Nf5
9. Bf2 exf3 10. Qxf3 Be7 11. c4 dxc4 12. Nxc4 Qd8 13. Nbd2 O-O 14. g3 Nd6 15.
Bg2 Nd7 16. O-O Nf6 17. h3 Be6 18. Nxd6 Bxd6 19. e4 Nh7 20. g4 Rc8 21. Rad1 Bb8
22. Rfe1 Re8 23. Nf1 Ng5 24. Qd3 Bd7 25. e5 Be6 26. Ne3 Qa5 27. Nc4 Qb4 28. h4
Nh7 29. Be4 Nf8 30. g5 hxg5 31. hxg5 Rcd8 32. Re3 Bxc4 33. bxc4 Bxe5 34. Rh3 g6
35. Qf3 Bg7 36. Rb1 Qe7 37. Bc2 Ne6 38. Rh4 Rxd4 39. Bxd4 Nxd4 0-1

[Event "4NCL/Div1/WR-IND1"]
[Site "Rd06-Birmingham"]
[Date "2001.01.28"]
[Round "6.4"]
[White "Hebden, Mark"]
[Black "Dunworth, Chris"]
[Result "1/2-1/2"]
[WhiteElo "2552"]
[BlackElo "2287"]
[PlyCount "133"]
[EventDate "2001.01.28"]

1. d4 Nf6 2. Nf3 g6 3. c4 Bg7 4. Nc3 d5 5. cxd5 Nxd5 6. e4 Nxc3 7. bxc3 c5 8.
Be3 O-O 9. Rc1 cxd4 10. cxd4 Bg4 11. Be2 Qa5+ 12. Qd2 Qxd2+ 13. Nxd2 Bxe2 14.
Kxe2 Nc6 15. d5 Na5 16. Bc5 Rfe8 17. Bb4 b6 18. Rc7 Bf8 19. Rd1 f6 20. Nf3 e5
21. d6 Red8 22. Ne1 Rab8 23. Bxa5 bxa5 24. d7 Rb2+ 25. Rd2 Rxd2+ 26. Kxd2 Kf7
27. Nd3 Ke6 28. Rxa7 Rxd7 29. Rxd7 Kxd7 30. Kc3 Kc6 31. Kc4 Bd6 32. f3 Bf8 33.
Nf2 h5 34. Nd1 Bc5 35. Nc3 Be7 36. Nd5 Bd8 37. a4 f5 38. exf5 gxf5 39. Ne3 f4
40. Nd5 Bh4 41. Nc3 Bd8 42. Ne4 Be7 43. g3 fxg3 44. Nxg3 h4 45. Nf5 Bd8 46. Nh6
Bg5 47. Nf7 Bf4 48. h3 Bh2 49. Nd8+ Kc7 50. Ne6+ Kc6 51. Nc5 Bg1 52. Nd3 Bh2
53. Nc1 Bg1 54. Ne2 Bf2 55. f4 exf4 56. Nxf4 Be1 57. Ne6 Bf2 58. Nd8+ Kc7 59.
Nf7 Kc6 60. Ne5+ Kd6 61. Nd3 Bb6 62. Kb5 Bd8 63. Nc5 Kd5 64. Nb3 Bc7 65. Nd2
Bd8 66. Nc4 Bc7 67. Nxa5 1/2-1/2

[Event "4NCL/Div1/WR-IND1"]
[Site "Rd06-Birmingham"]
[Date "2001.01.28"]
[Round "6.5"]
[White "Gayson, Peter"]
[Black "Mestel, Jonathan"]
[Result "0-1"]
[WhiteElo "2273"]
[BlackElo "2488"]
[PlyCount "54"]
[EventDate "2001.01.28"]

1. e4 c5 2. Nf3 d6 3. d4 cxd4 4. Nxd4 Nf6 5. Nc3 g6 6. f4 Nbd7 7. Nf3 Bg7 8.
Bd3 O-O 9. O-O a6 10. a4 e5 11. Qe1 Nc5 12. Qh4 d5 13. fxe5 Nfxe4 14. Ng5 h6
15. Bxe4 Nxe4 16. Nxd5 Bf5 17. Rd1 Nxg5 18. Qb4 Kh8 19. Ne3 Qc8 20. Nxf5 Qxf5
21. Bxg5 Qxg5 22. Qxb7 Bxe5 23. Rd7 Rab8 24. Qxa6 Qe3+ 25. Kh1 Qf4 26. g3 Qe4+
27. Kg1 Bd4+ 0-1

[Event "4NCL/Div1/WR-IND1"]
[Site "Rd06-Birmingham"]
[Date "2001.01.28"]
[Round "6.6"]
[White "Hennigan, Michael"]
[Black "Barrett, Stephen"]
[Result "0-1"]
[WhiteElo "2455"]
[BlackElo "2217"]
[PlyCount "76"]
[EventDate "2001.01.28"]

1. Nf3 Nf6 2. g3 g6 3. Bg2 Bg7 4. O-O O-O 5. c4 d6 6. Nc3 c6 7. d3 e5 8. Rb1
Re8 9. Bg5 h6 10. Bxf6 Bxf6 11. Nd2 Bg7 12. b4 Be6 13. b5 d5 14. bxc6 bxc6 15.
Qa4 e4 16. cxd5 cxd5 17. Rfc1 f5 18. Nb5 Re7 19. dxe4 dxe4 20. Nxe4 fxe4 21.
Bxe4 Nd7 22. Bxa8 Nb6 23. Qa5 Qxa8 24. Nc7 Qe4 25. Nxe6 Qxe6 26. e3 Kh7 27. Qa6
Rf7 28. Qd3 Qxa2 29. f4 Qe6 30. e4 Rd7 31. Qc2 Rd4 32. e5 Qd5 33. Qg2 Qa5 34.
Rc7 Nd5 35. Rd7 Ne3 36. Qb7 Rxd7 37. Qxd7 Qc5 38. Qd6 Qc2 0-1

[Event "4NCL/Div1/WR-IND1"]
[Site "Rd06-Birmingham"]
[Date "2001.01.28"]
[Round "6.7"]
[White "White, Mark"]
[Black "Cooper, Lawrence"]
[Result "1/2-1/2"]
[WhiteElo "2142"]
[BlackElo "2361"]
[PlyCount "48"]
[EventDate "2001.01.28"]

1. e4 e5 2. Bb5 c6 3. Ba4 d5 4. Nc3 Nf6 5. exd5 b5 6. Bb3 b4 7. Nce2 cxd5 8. d4
e4 9. Bg5 Be7 10. Nf4 Bb7 11. Nge2 Nbd7 12. O-O O-O 13. c3 a5 14. cxb4 axb4 15.
Rc1 h6 16. Bxf6 Nxf6 17. Ng3 Bd6 18. Qd2 Qd7 19. Rc2 Rfc8 20. Rfc1 Rxc2 21.
Rxc2 Rc8 22. Rxc8+ Qxc8 23. Nfh5 Nxh5 24. Nxh5 Qc7 1/2-1/2

[Event "4NCL/Div1/WR-IND1"]
[Site "Rd06-Birmingham"]
[Date "2001.01.28"]
[Round "6.8"]
[White "Flear, Christine"]
[Black "Gourlay, Iain"]
[Result "1-0"]
[WhiteElo "2184"]
[BlackElo "2056"]
[PlyCount "79"]
[EventDate "2001.01.28"]

1. d4 Nf6 2. c4 c5 3. d5 b5 4. cxb5 a6 5. bxa6 g6 6. Nc3 Bxa6 7. e4 Bxf1 8.
Kxf1 d6 9. Nf3 Nbd7 10. h3 Bg7 11. Kg1 O-O 12. Kh2 Qa5 13. Re1 Rfb8 14. Re2 Ne8
15. Qc2 Nc7 16. Bd2 Nb5 17. Nxb5 Qxb5 18. Bc3 Bxc3 19. bxc3 Ra3 20. c4 Qb4 21.
Re3 Qa4 22. Rc3 Qxc2 23. Rxc2 Rb4 24. Nd2 Ne5 25. f4 Nd3 26. Rf1 Rba4 27. Rf3
Nb4 28. Rxa3 Rxa3 29. Rb2 e6 30. e5 dxe5 31. fxe5 exd5 32. cxd5 Nxd5 33. Ne4
Nb4 34. Nxc5 Nxa2 35. Ne4 Nc3 36. Rb8+ Kg7 37. Nd6 Ra7 38. Ne8+ Kh6 39. Nf6 Re7
40. Ng8+ 1-0

[Event "4NCL/Div1/GUI1-BAR2"]
[Site "Rd07-Birmingham"]
[Date "2001.03.17"]
[Round "7.1"]
[White "Gormally, Daniel"]
[Black "Collinson, Adam"]
[Result "1-0"]
[WhiteElo "2505"]
[BlackElo "2404"]
[PlyCount "101"]
[EventDate "2001.03.17"]

1. d4 Nf6 2. Nf3 d6 3. Nc3 Nbd7 4. e4 e5 5. Bc4 Be7 6. O-O O-O 7. Re1 c6 8. a4
b6 9. Ba2 a6 10. Rb1 b5 11. b4 Qc7 12. Qd3 Bb7 13. Nh4 exd4 14. Nf5 Ne5 15.
Qxd4 c5 16. bxc5 dxc5 17. Qe3 b4 18. Nd5 Bxd5 19. exd5 Ng6 20. Bb2 Ra7 21. d6
Bxd6 22. Bxf6 Bxh2+ 23. Kf1 Bf4 24. Qh3 gxf6 25. g3 Bg5 26. f4 Bxf4 27. gxf4
Qxf4+ 28. Kg1 Rd7 29. Rf1 Qg5+ 30. Qg3 Rd2 31. Bb3 a5 32. Qxg5 fxg5 33. Rbd1
Rfd8 34. Rxd2 Rxd2 35. Ne3 Nf4 36. Nc4 Re2 37. Nxa5 h5 38. Nc4 h4 39. Nd6 h3
40. Nxf7 c4 41. Bxc4 Rxc2 42. Nd6+ Kg7 43. a5 Ne2+ 44. Kf2 Nc1+ 45. Kg3 b3 46.
a6 b2 47. a7 Rc3+ 48. Kg4 Ra3 49. Ne8+ Kh8 50. Rf8+ Kh7 51. Bg8+ 1-0

[Event "4NCL/Div1/GUI1-BAR2"]
[Site "Rd07-Birmingham"]
[Date "2001.03.17"]
[Round "7.2"]
[White "Dishman, Stephen"]
[Black "Conquest, Stuart"]
[Result "0-1"]
[WhiteElo "2364"]
[BlackElo "2546"]
[PlyCount "78"]
[EventDate "2001.03.17"]

1. d4 d6 2. e4 Nf6 3. Nc3 g6 4. Nf3 Bg7 5. Be3 a6 6. Bd3 Bg4 7. Qd2 Bxf3 8.
gxf3 Nc6 9. Ne2 Qd7 10. h4 Nh5 11. c3 e5 12. d5 Ne7 13. Ng3 Nf4 14. Bf1 c6 15.
dxc6 bxc6 16. Bxf4 exf4 17. Bh3 Qb7 18. Ne2 O-O 19. Rb1 d5 20. Qxf4 f5 21. e5
Qb8 22. Qe3 Qxe5 23. f4 Qf6 24. Qg3 Rae8 25. O-O Nc8 26. Nd4 Nd6 27. f3 Nc4 28.
Rfe1 Qd6 29. h5 c5 30. Nb3 d4 31. hxg6 hxg6 32. cxd4 cxd4 33. Bf1 Ne3 34. Rxe3
dxe3 35. Bc4+ Kh7 36. Kg2 Bh6 37. Rh1 Kg7 38. Qe1 Bxf4 39. Qc3+ Qf6 0-1

[Event "4NCL/Div1/GUI1-BAR2"]
[Site "Rd07-Birmingham"]
[Date "2001.03.17"]
[Round "7.3"]
[White "Rowson, Jonathan"]
[Black "Hanley, Craig"]
[Result "1-0"]
[WhiteElo "2489"]
[BlackElo "2276"]
[PlyCount "77"]
[EventDate "2001.03.17"]

1. e4 e6 2. d4 d5 3. Nc3 Nf6 4. Bg5 Be7 5. e5 Nfd7 6. Bxe7 Qxe7 7. f4 O-O 8.
Nf3 c5 9. Qd2 Nc6 10. dxc5 Qxc5 11. O-O-O Nb6 12. Nd4 Bd7 13. h4 Rfc8 14. Rh3
Na5 15. Nb3 Nxb3+ 16. axb3 a5 17. Nb1 Be8 18. Rc3 Qe7 19. Rxc8 Nxc8 20. g3 a4
21. b4 Na7 22. Na3 Nc6 23. b5 Nb8 24. c4 dxc4 25. Qd8 Kf8 26. Nxc4 Qxd8 27.
Rxd8 Ke7 28. Rc8 Bxb5 29. Nb6 Ra5 30. Rc5 a3 31. bxa3 Na6 32. Rxb5 Rxa3 33. Nc4
Rxg3 34. Rxb7+ Kf8 35. Be2 Nc5 36. Rb8+ Ke7 37. Nd6 Nb3+ 38. Kb2 Nd4 39. Rb7+
1-0

[Event "4NCL/Div1/GUI1-BAR2"]
[Site "Rd07-Birmingham"]
[Date "2001.03.17"]
[Round "7.4"]
[White "Lewis, Andrew P"]
[Black "Plaskett, James"]
[Result "1/2-1/2"]
[WhiteElo "2257"]
[BlackElo "2479"]
[PlyCount "109"]
[EventDate "2001.03.17"]

1. c4 b6 2. Nc3 e6 3. e4 Bb7 4. Nge2 Nf6 5. e5 Ng8 6. d4 d6 7. Qa4+ Qd7 8. Nb5
Na6 9. Be3 dxe5 10. O-O-O c6 11. Nbc3 exd4 12. Nxd4 Nf6 13. Be2 Qc7 14. Bf3 Rc8
15. Kb1 Bc5 16. Ncb5 Qb8 17. Nxc6 Bxc6 18. Bxc6+ Ke7 19. Bf3 Bxe3 20. Qxa6 Bxf2
21. Nxa7 Rc7 22. Nc6+ Rxc6 23. Bxc6 Rc8 24. Bf3 Nd7 25. Rhf1 Bc5 26. Qb7 Bd6
27. Qxb8 Bxb8 28. Be2 f5 29. g3 Ne5 30. Rc1 h5 31. Rc3 g5 32. Rfc1 Bd6 33. a3
g4 34. b4 Nc6 35. Rd1 e5 36. Rcd3 Nd4 37. R3d2 h4 38. Ka2 hxg3 39. hxg3 Nxe2
40. Rxe2 Rxc4 41. Kb3 b5 42. Rd5 f4 43. gxf4 Rxf4 44. Rxb5 g3 45. Rb7+ Kf6 46.
Rb6 Ke6 47. Rd2 Rd4 48. Rg2 Rd3+ 49. Kc4 e4 50. a4 Ke5 51. a5 Rd4+ 52. Kc3 Rd3+
53. Kc4 Rd4+ 54. Kc3 Rd3+ 55. Kc4 1/2-1/2

[Event "4NCL/Div1/GUI1-BAR2"]
[Site "Rd07-Birmingham"]
[Date "2001.03.17"]
[Round "7.5"]
[White "King, Daniel"]
[Black "Plueg, Andreas"]
[Result "1-0"]
[WhiteElo "2543"]
[BlackElo "2313"]
[PlyCount "49"]
[EventDate "2001.03.17"]

1. e4 c6 2. d4 d5 3. Nc3 g6 4. Bf4 Bg7 5. exd5 cxd5 6. Nb5 Na6 7. Bd3 Nf6 8. h3
Bf5 9. Bxf5 gxf5 10. c3 Qb6 11. Qe2 Qe6 12. Qxe6 fxe6 13. Nf3 Ne4 14. Ke2 h5
15. Ng5 Nxg5 16. Bxg5 Kd7 17. Kf3 Nb8 18. Rhe1 Nc6 19. Bf4 Rac8 20. Re3 a6 21.
Na3 Rhf8 22. Nc2 Na5 23. Rae1 Rc6 24. Nb4 Rb6 25. Nxd5 1-0

[Event "4NCL/Div1/GUI1-BAR2"]
[Site "Rd07-Birmingham"]
[Date "2001.03.17"]
[Round "7.6"]
[White "Duncan, Chris"]
[Black "Baker, Chris W"]
[Result "1/2-1/2"]
[WhiteElo "2310"]
[BlackElo "2372"]
[PlyCount "118"]
[EventDate "2001.03.17"]

1. c4 Nf6 2. Nc3 g6 3. e4 d6 4. d4 Bg7 5. Nf3 O-O 6. Be2 e5 7. O-O Nc6 8. d5
Ne7 9. b4 Nh5 10. Re1 f5 11. Ng5 Nf4 12. Bxf4 exf4 13. Rc1 h6 14. Ne6 Bxe6 15.
dxe6 fxe4 16. Nxe4 Nc6 17. Bf3 Qe7 18. Nc3 Bxc3 19. Rxc3 Ne5 20. b5 c6 21. c5
Nxf3+ 22. Qxf3 d5 23. Qg4 Rf6 24. bxc6 bxc6 25. Rf3 Raf8 26. h4 Kh7 27. Re5 Rf5
28. Rxf5 Rxf5 29. h5 Qxe6 30. hxg6+ Qxg6 31. Rxf4 Qxg4 32. Rxg4 Rf7 33. f3 Rb7
34. Ra4 Rb5 35. Rxa7+ Kg6 36. a4 {(=)} Rxc5 37. Rc7 Kf5 38. a5 Kf4 39. a6 Ke3
40. a7 Ra5 41. Rxc6 Ra1+ 42. Kh2 Rxa7 43. Re6+ Kf2 44. Rd6 Ra4 45. g3 d4 46. f4
Ke3 47. Re6+ Kf3 48. Rd6 Ra2+ 49. Kh3 Ra1 50. Kh2 Ke3 51. Re6+ Kd2 52. Kg2 d3
53. f5 Ra5 54. f6 h5 55. f7 Rf5 56. Re7 Kc1 57. Rc7+ Kd1 58. Rd7 d2 59. Re7 Kc2
1/2-1/2